Statistics for Canadian Geography by Letter - F

Click here to take the quiz!

General Stats

  • This quiz has been taken 12 times
  • The average score is 4 of 10

Answer Stats

HintAnswer% Correct
Official language of QuebecFrench
100%
Bay with the world's highest tidesFundy
67%
New Brunswick's capitalFredericton
50%
Major BC riverFraser
42%
Group of Indigenous peoplesFirst Nations
25%
Alberta oil townFort McMurray
25%
Manitoba mining townFlin Flon
17%
Newfoundland IslandFogo
17%
Ontario town opposite BuffaloFort Erie
17%
Hockey HOF streetFront
8%

Score Distribution

Percentile by Number Answered

Percent of People with Each Score

Your Score History

You have not taken this quiz